From vitamins to peptides - research topics in Szent-Györgyi’s departments

Elmentve itt :
Bibliográfiai részletek
Szerző: Tóth Gábor
Dokumentumtípus: Könyv része
Megjelent: 2014
Sorozat:Szegedi egyetemi tudástár
The intellectual heritage of Albert Szent-Györgyi
Kulcsszavak:Szent-Györgyi Albert, Biokémia - magyar - 20. sz. - életmű, Szeged - orvostudományi egyetem
Tárgyszavak:
Online Access:http://acta.bibl.u-szeged.hu/36405
LEADER 00912naa a2200229 i 4500
001 acta36405
005 20220126155233.0
008 161017s2014 hu o 0|| eng d
040 |a SZTE Egyetemi Kiadványok Repozitórium  |b hun 
041 |a eng 
100 1 |a Tóth Gábor 
245 1 5 |a From vitamins to peptides - research topics in Szent-Györgyi’s departments  |h [elektronikus dokumentum] /  |c  Tóth Gábor 
260 |c 2014 
300 |a 35-57 
490 0 |a Szegedi egyetemi tudástár 
490 0 |a The intellectual heritage of Albert Szent-Györgyi 
650 4 |a Természettudományok 
650 4 |a Biológiai tudományok 
650 4 |a Orvos- és egészségtudomány 
650 4 |a Általános orvostudomány 
695 |a Szent-Györgyi Albert, Biokémia - magyar - 20. sz. - életmű, Szeged - orvostudományi egyetem 
856 4 0 |u http://acta.bibl.u-szeged.hu/36405/1/tudastar_002_035-057.pdf  |z Dokumentum-elérés